000
00287nam a22001217a 4500
008
181030b xxu||||| |||| 00| 0 eng d
041
_a
eng
080
_2
5 ed
_a
159.9
100
_a
49
101
_a
PSI
245
_a
Comprehensive Textbook Of Psychiatry
_c
Hrold.I.K
942
_2
udc
_c
BK
999
_c
51097
_d
51097